Deutsche Influencer-Getränke und Lebensmittel - Statistiken

Allgemein
  • Dieses Quiz wurde 436 mal gespielt
  • Das Durchschnittsergebnis liegt bei 4 aus 13
Antwortstatistiken
Influencer Getränk % Korrekt
Capital Bra BraTee
87%
Shirin David DirTea
71%
Knossi Alge
56%
MontanaBlack Gönrgy
48%
Crispy Rob Rob's Chips
46%
HeyMoritz HEYYY Gum
40%
iCrimax Paulberger Limo
25%
Haftbefehl HafTea
11%
RAF Camora & Bonez MC Karneval Wodka
11%
Clemens Brock Noice Bier
7%
Capital Bra Gangstarella
5%
Twenty4Tim Lipton Sparkling
5%
RAF Camora & Bonez MC Wild Crocodile
3%
Keine übereinstimmenden Quizze gefunden
Verteilung der Resultate
Anzahl Personen mit jedem Resultat
Perzentil nach korrekt beantworteten Fragen
Ihre Resultats-Entwicklung
Sie haben dieses Quiz noch nicht gespielt